000 01267nam0a22002411 4500
001 rc\3825291
005 20260407130948.0
021 _aRU
_bРг8498-76
035 _a(NLR Aleph) 007273012
090 _a5429552
_c5429552
100 _a20120410d1976 |||y0rusy50 ca
101 0 _arus
102 _aRU
_aRU
105 _aa bc |||||
200 1 _aУказания по монтажу 16-этажных крупнопанельных жилых домов из унифицированных изделий Единого каталога серий П3/16, П22/16 и П/23/16, возводимых ДСК-3, ВСН-105-75
_e[Срок введ. 10/VI 1975 г.]
_fГл. упр. по жил. и гражд. стр-ву в г. Москве. Главмосстрой при Мосгорисполкоме. Техн. упр.
210 _aМосква
_cМосоргстрой
_d1976
215 _a113 с.
_cчерт.
_d21
712 0 2 _aМосковское главное управление по жилищному и гражданскому строительству
_bТехническое управление
_3RU\NLR\AUTH\889980105
_9456499
801 0 _aRU
_bNLR
_gpsbo
801 1 _aRU
_bELAR
_2rusmarc
852 _aNLR
_jПт 80/117-105-75
942 _cBOOK
980 _aNB